000 00953nam0a2200277 4500
001 RU\NLR\bibl\178492
005 20260406123542.0
010 _a5-04-004495-Х
_97000
021 _aRU
_b2000-49137
_92263
035 _a(NLR Aleph) 000175180
090 _a1010346
_c1010346
100 _a20010823d2000 |||y0rusy50 ca
101 1 _arus
_ceng
102 _aRU
105 _ay z |||||
200 1 _aМадонна с лилиями
_aДорожное знакомство
_e[Романы]
_fБарбара Картленд
_g[Пер. с англ. О. Семченко, Е. Фишгойт]
210 _aМ.
_cЭКСМО-Пресс
_d2000
215 _a378,[2] с.
_d17
686 _aШ6(4Вл)67-440.4
700 1 _4070
_8rus
_7ca
_aКартланд
_bБ.
_f1901-2000
_gБарбара
_3RU\NLR\auth\77841
_9110879
801 0 _aRU
_bNLR
_c20010823
_gPSBO
801 1 _aRU
_bNLR
_c20010823
942 _cBOOK
980 _aNB